AH International Schools' Libraries

What's the time Mr Wolf? / (Record no. 48775)

MARC details
000 -LEADER
fixed length control field 00623nam a2200121 4500
020 ## - INTERNATIONAL STANDARD BOOK NUMBER
International Standard Book Number 9781845394653
100 ## - MAIN ENTRY--PERSONAL NAME
Personal name George, Lucy M.,
Relator term author.
9 (RLIN) 85950
245 ## - TITLE STATEMENT
Title What's the time Mr Wolf? /
Statement of responsibility, etc written by Lucy M Georgre, Illustrated by Gemma Raynor.
260 ## - PUBLICATION, DISTRIBUTION, ETC. (IMPRINT)
Place of publication, distribution, etc London :
Name of publisher, distributor, etc Little Bee ;
Date of publication, distribution, etc 2009.
300 ## - PHYSICAL DESCRIPTION
Extent 24 pages.
Dimensions 9.17 x 9.17 x 0.43 inches.
520 ## - SUMMARY, ETC.
Summary, etc Multi-prize-winning illustrator, Gemma Raynor, announces her arrival with this charming vision of the playground game, What's the Time Mr Wolf? Delve inside and follow Lauren to find out what a little mouse and a lot of curiosity might lead to...
942 ## - ADDED ENTRY ELEMENTS (KOHA)
Source of classification or shelving scheme
Koha item type Book
Holdings
Withdrawn status Lost status Source of classification or shelving scheme Damaged status Not for loan Home library Current library Date acquired Total Checkouts Full call number Barcode Date last seen Date checked out Price effective from Koha item type
          Logos International School Logos International School 03/31/2025 1 E GEO 040584 05/07/2025 04/25/2025 03/31/2025 Book

For any Logos Library related questions please contact Miss Art at swongnarasuk@asianhope.org.

For any Asian Hope Library related questions please contact Miss Raza at graza@asianhope.org.

Powered by Koha